Statistics for North Korea... or South Korea?

Click here to take the quiz!

General Stats

  • This quiz has been taken 69,262 times
    (69,258 since last reset)
  • The average score is 14 of 17

Answer Stats

QuestionAnswer% Correct
Is a dictatorshipNorth Korea
97%
Is closer to VladivostokNorth Korea
96%
Has a larger populationSouth Korea
95%
Its capital city starts with the letter SSouth Korea
95%
Is considered a high income countrySouth Korea
93%
Borders only one countrySouth Korea
89%
Has a star on its flagNorth Korea
88%
Was occupied by Japan from 1910–1945Both
85%
About 25% of the population is ChristianSouth Korea
85%
Its territory includes the island of JejuSouth Korea
85%
Has hosted the OlympicsSouth Korea
85%
Is sometimes known as the "Hermit Kingdom"North Korea
83%
Has nuclear weaponsNorth Korea
77%
Its full English name is the "Democratic People's Republic of Korea"North Korea
75%
Has a larger land areaNorth Korea
64%
Is known for "mass games" that feature over 100,000 gymnastic and artistic performersNorth Korea
59%
Has a very low level of ethnic diversityBoth
51%

Score Distribution

Percentile by Number Answered

Percent of People with Each Score

Your Score History

You have not taken this quiz since the last reset